| 000 | 02618ncm0a2200469 4500 | ||
|---|---|---|---|
| 001 | RU\NLR\ONIZ\223817 | ||
| 005 | 20250626124416.0 | ||
| 010 | _a978-5-904043-52-0 | ||
| 021 |
_aRU _b18-000207 _918-НО-П-16 |
||
| 035 | _aRU\NLR\ONIZ\natafirs\5000002687\20180706122719 | ||
| 035 | _a(NLR Aleph) 011762624 | ||
| 090 |
_a11684777 _c11684777 |
||
| 100 | _a20180706d2013 |||y0rusy50 ca | ||
| 101 | 0 |
_aeng _arus |
|
| 102 | _aRU | ||
| 125 | _aay | ||
| 128 | _achs | ||
| 145 | 0 | _ac | |
| 200 | 1 |
_aСвет дома твоего _bНоты _eсборник песен для преподавания английского языка _dThe soft light of your home _e[для пения в сопровождении фортепиано _eучебное пособие] _hВып. 5 _fсоставитель и переводчик В. Воронин _gхудожник A. Родионов _zeng |
|
| 210 |
_aМосква _cСтарая Басманная _d2013 |
||
| 215 |
_a40 с. _cцв. ил. _d29 см |
||
| 300 | _aПредисл.: с. 7-15. | ||
| 300 | _aЛит. текст рус., белорус., англ | ||
| 313 | _aСистематизация документа проведена по изданию - Методика классифицирования музыкальных произведений (нотных изданий) по таблицам Библиотечно-библиографических классификаций : метод. рекомендации / Гос. б-ка СССР им. В.И. Ленина.- М., 1977. Индексу ББК методических рекомендаций присваивается код ББК для научных библиотек - LBC/SL | ||
| 327 | 1 | _aАвт.: Э. Ханок, Ю. Антонов | |
| 606 | 1 |
_aАнглийский язык _xПеревод _xРусский язык _2nlr_sh |
|
| 606 | 1 |
_aДетские песни на английском языке _2nlr_sh |
|
| 686 |
_aЩ98я72 _vLBC/SL _2rubbk |
||
| 686 |
_aЩ984.0я43(2Р=Р) _vLBC/SL _2rubbk |
||
| 700 | 1 |
_9z03790 _aВоронин _bВ. _gВалерий _4220 _4730 |
|
| 702 | 1 |
_9z04790 _aРодионов _bA. _gAндрей _4130 _7ca |
|
| 790 | 1 |
_9z03700 _aVoronin _bV. _gValerij _4220 _4730 |
|
| 790 | 1 |
_9z04702 _aRodionov _bA. _gAndrej _4130 _7ba |
|
| 801 | 0 |
_aRU _bNLR _c20180706 _gPSBO |
|
| 801 | 1 |
_aRU _bNLR _c20180706 _2rusmarc |
|
| 801 | 2 |
_aRU _bNLR _c20200319 |
|
| 852 |
_aNLR _bМ _jК-3/24437(5) _pМОЭ 218-НО-П-16/207 _t1 |
||
| 852 |
_aNLR _bМ _jК-3/24437(5)а _pМОЭ 218-НО-П-16/207а _t2 |
||
| 942 | _cSCORE | ||
| 980 | _aNB | ||
| 980 | _aONIZ | ||